"Fejenként egy hold földet"

Elmentve itt :
Bibliográfiai részletek
Szerző: STAHL Henry H.
Adatforrás:Meister
Forrásdokumentuma:Korunk. -
6 sz., 1991, 755-756 p.
Nyelv:magyar
Kulcsszavak:faluszociológia
román földreform, 1921
LEADER 00364nab a2200133 i 4500
001 bibPRO00001918
008 060524s1991 xx hun
040 |a Sz1 
041 |a hun 
100 1 |a STAHL Henry H. 
245 1 1 |a "Fejenként egy hold földet"  |c STAHL Henry H. 
695 |a faluszociológia 
695 |a román földreform, 1921 
773 0 |t Korunk. -  |g 6 sz., 1991, 755-756 p.